000 00934nam a22002777a 4500
003 URS
005 20260216141644.0
008 260216b |||||||| |||| 00| 0 eng d
020 _a9786210800401
040 _aDLC
_beng
_cDLC
_dURS
_erda
050 _aBJ 1012
_b.D3656 2023
100 _aDe Guzman, Jens Micah
245 _aEthics/
_cJens Micah De Guzman, Eric G. Claudio and John Rowell T. Obligado.-
264 _aMalabon City:
_bMutya publishing house incorporation,
_cc2023.
300 _b268 pages: illustrations ;
_c26 centimeters.
336 _2rdacontent
_atext
_btxt
337 _2rdamedia
_aunmediated
_bn
338 _2rdacarrier
_avolume
_bnc
504 _aincludes references and authors background.
546 _aIn English text.
650 _2Ethics
650 _2Moral philosophy
700 _aEric G. Claudio
700 _aObligado, John Rowell T.
942 _2lcc
_cF
_hBJ 1012
_i.D3656 2023
999 _c89372
_d89369